Co pijemy do śniadania? - Statystyki

Ogólne statystyki
  • Ten quiz został rozwiązany 543 razy
  • Średni wynik to 5 z 6
Statystyki odpowiedzi
Odpowiedź % Poprawnych
sok
94%
herbatę
87%
kawę
87%
wodę
83%
mleko
82%
kakao
73%
Nie znaleziono quizów pasujących do podanych kryteriów
Rozkład punktacji
Procent ludzi z każdym wynikiem
Percentyl według liczby udzielonych odpowiedzi
Twoja historia wyników
Nie rozwiązałeś tego quizu